000
00294nam a2200109Ia 4500
008
220216s9999 xx 000 0 und d
100
_a
Joseph Joby
245
0
_a
Prakrithidatta rubber kayttirakkumathiyile sameepakaala pravanathakal.1
260
_b
Rubber
_c
2011
300
_a
17-19
942
_c
BS
999
_c
49760
_d
49760